000 01415nam0a2200325 4500
001 RU\NLR\bibl\1291051
005 20260405174535.0
010 _a978-5-89817-239-8
_91500
021 _aRU
_b2008-70393
_94029
035 _a(NLR Aleph) 001276732
090 _a473341
_c473341
100 _a20081101d2008 |||y0rusy50 ca
101 0 _arus
102 _aRU
105 _ay |||||||||
200 1 _aПроцесс работы пианиста-исполнителя над музыкальным произведением
_eпсихологический анализ
_fА. Вицинский
_g[предисл., послесл., прим.: А.М. Меркулов]
210 _aМосква
_cКлассика-XXI
_d2008
215 _a96, [1] с.
_d20
225 1 _aСекреты фортепианного мастерства
320 _aБиблиогр. в Прим.: с. 96 и в подстроч. прим.
606 1 _aПианизм
_91667582
_3RU\NLR\auth\66739344
606 1 _aМузыкальное исполнительство
_9920361
_3RU\NLR\auth\6618335
686 _aЩ310.715.42-712
700 1 _4070
_8rus
_7ca
_aВицинский
_bА. В.
_f1904-1984
_gАлександр Владимирович
_3RU\NLR\auth\7775763
_958691
801 0 _aRU
_bNLR
_c20081101
_gRCR
801 1 _aRU
_bNLR
_c20081101
830 _aАвт. по кн.
942 _cBOOK
980 _aNB